Pokémon - Les attaques de Scrutella - Statistiques

Statistiques générales
  • Ce quiz a été pris 11 fois
  • Le résultat moyen est 8 sur 14
Statistiques - réponses
Niveaux Types Noms des attaques % Correct
Niveau 12 Psy Rafale Psy
100%
Niveau 20 Psy Choc Psy
88%
Niveau 44 Psy Prescience
88%
Niveau 36 Psy Psyko
88%
Départ Psy Choc Mental
75%
Niveau 28 Ténèbres Croco Larme
75%
Niveau 16 Fée Charme
63%
Départ Normal Écras'Face
50%
Niveau 24 Psy Hypnose
50%
Niveau 40 Ténèbres Flatterie
38%
Niveau 48 Psy Zone Magique
38%
Niveau 4 Normal Camaraderie
25%
Niveau 33 Normal Boost
0%
Niveau 8 Normal Chatouille
0%
Aucun quiz correspondant
Distribution des résultats
% des personnes avec chaque résultat
Percentile par nombre de réponses
Votre historique - résultats
Vous n’avez pas pris ce quiz